| 000 | 00426nam a22001697a 4500 | ||
|---|---|---|---|
| 005 | 20180712110612.0 | ||
| 008 | 160512b xxu||||| |||| 00| 0 eng d | ||
| 020 | _a978-0-07-068196-5 | ||
| 041 | _aeng | ||
| 082 |
_b1514 _a658.1511 |
||
| 100 |
_aKhan, MY, Jain, PK _9448 |
||
| 245 | _aManagement Accounting(Taxt, Problem & cases) | ||
| 260 |
_aNew Delhi _bTMH |
||
| 300 | _a23.65p, | ||
| 650 |
_aManagement _9241 |
||
| 942 | _cBK | ||
| 999 |
_c622 _d622 |
||